Revue internationale de droit pénal : (Record no. 74445)
[ view plain ]
| 000 -LEADER | |
|---|---|
| fixed length control field | 01053nam a2200253 i 4500 |
| 005 - DATE AND TIME OF LATEST TRANSACTION | |
| control field | 20260430112253.0 |
| 008 - FIXED-LENGTH DATA ELEMENTS--GENERAL INFORMATION | |
| fixed length control field | 260430u19uuuuuufr ||||f |||| 00| 0 fre d |
| 040 ## - CATALOGING SOURCE | |
| Transcribing agency | . |
| 082 ## - DEWEY DECIMAL CLASSIFICATION NUMBER | |
| Edition information | 21 |
| Classification number | 343.01505 |
| 245 ## - TITLE STATEMENT | |
| Title | Revue internationale de droit pénal : |
| Remainder of title | Conception et principes du droit penal economique et des affaires y compris la protection du consommateur : Actes du Colloque International tenu à Freiburg-en-Brisgau, République Fédérale d'Allemagne 20-23 septembre 1982 |
| 264 ## - PRODUCTION, PUBLICATION, DISTRIBUTION, MANUFACTURE, AND COPYRIGHT NOTICE | |
| Place of production, publication, distribution, manufacture | France : |
| Name of producer, publisher, distributor, manufacturer | Editions Erès |
| 300 ## - PHYSICAL DESCRIPTION | |
| Extent | Voulme ; |
| Dimensions | 23 cm. |
| 321 ## - FORMER PUBLICATION FREQUENCY | |
| Former publication frequency | Quarterly |
| 336 ## - CONTENT TYPE | |
| Source | rda content |
| Content type term | Text |
| 337 ## - MEDIA TYPE | |
| Source | rda media |
| Media type term | unmediated |
| 338 ## - CARRIER TYPE | |
| Source | rda carrier |
| Carrier type term | volume |
| 362 0# - DATES OF PUBLICATION AND/OR SEQUENTIAL DESIGNATION | |
| Dates of publication and/or sequential designation | 54. année, nouvelle série, no 1 et 2 trimestres |
| 588 0# - SOURCE OF DESCRIPTION NOTE | |
| Source of description note | Latest issue consulted: 54. année, 1 et 2 trimestres (1983).<br/> |
| 650 ## - SUBJECT ADDED ENTRY--TOPICAL TERM | |
| Topical term or geographic name entry element | Droit pénal |
| Form subdivision | Périodiques. |
| 710 ## - ADDED ENTRY--CORPORATE NAME | |
| Corporate name or jurisdiction name as entry element | International Association of Penal Law, |
| Relator term | issuing body. |
| 856 ## - ELECTRONIC LOCATION AND ACCESS | |
| Uniform Resource Identifier | <a href="https://fll.law.cu.edu.eg/fulltext/cr/B10-10105.pdf">https://fll.law.cu.edu.eg/fulltext/cr/B10-10105.pdf</a> |
| 905 ## - Cataloger | |
| Cataloger name | Nora Khalil |
| 942 ## - ADDED ENTRY ELEMENTS (KOHA) | |
| Source of classification or shelving scheme | Dewey Decimal Classification |
| Koha item type | Continuing Resources |
| Suppress in OPAC | No |
| Withdrawn status | Lost status | Source of classification or shelving scheme | Damaged status | Not for loan | Collection | Home library | Current library | Date acquired | Total checkouts | Full call number | Barcode | Date last seen | Price effective from | Koha item type |
|---|---|---|---|---|---|---|---|---|---|---|---|---|---|---|
| Dewey Decimal Classification | Not for loan | القانون الجنائي | جــــامعة القــاهرة | مكتبة كلية الحقوق - المبنى الرئيسي | 30.04.2026 | Law1 10 343.01505 RE . V 1010105 C1 | B10-10105 | 30.04.2026 | 30.04.2026 | Continuing Resources |